[Event "IECC Swiss email"]
[Site "IECC email"]
[Date "1999.09.16"]
[Round "?"]
[White "Jobe, Tom B"]
[Black "Polaszek, Arkadiusz"]
[Result "0-1"]
[WhiteElo "1676"]
[BlackElo "1829"]
[PlyCount "44"]
[EventDate "1999.??.??"]
[EventType "tourn (corr)"]
[EventRounds "6"]
[SourceTitle "Corr 2008"]
[Source "ChessBase"]
[SourceDate "2008.06.24"]
[SourceVersion "1"]
[SourceVersionDate "2008.06.24"]
[SourceQuality "1"]

1. e4 e5 2. Nf3 Nc6 3. Bb5 a6 4. Bxc6 dxc6 5. 0-0 Bg4 6. h3 h5 7. d3 Qf6 8. Be3 Bxf3 9. Qxf3 Qxf3 10. gxf3 0-0-0 11. Nd2 Bd6 12. Nc4 Nf6 13. Bg5 Rde8 14. Bxf6 gxf6 15. Ne3 Rhg8+ 16. Kh2 Rg6 17. Rg1 Bc5 18. Rg3 Rxg3 19. Kxg3 Rg8+ 20. Kh2 Rg6 21. Rg1 Kd7 22. Rg4 hxg4 0-1

[Event "IECC KO email"]
[Site "IECC email"]
[Date "1999.08.05"]
[Round "?"]
[White "Newman, Nelson"]
[Black "Polaszek, Arkadiusz"]
[Result "1/2-1/2"]
[WhiteElo "2099"]
[BlackElo "1851"]
[PlyCount "66"]
[EventDate "1999.??.??"]
[EventType "tourn (corr)"]
[EventRounds "6"]
[SourceTitle "Corr 2008"]
[Source "ChessBase"]
[SourceDate "2008.06.24"]
[SourceVersion "1"]
[SourceVersionDate "2008.06.24"]
[SourceQuality "1"]

1. c4 e5 2. g3 Nf6 3. Bg2 d5 4. cxd5 Nxd5 5. Nc3 Nxc3 6. bxc3 c6 7. Nf3 Bd6 8. 0-0 0-0 9. d4 exd4 10. cxd4 Bf5 11. Nd2 Bb4 12. Bb2 Re8 13. Nc4 Be6 14. Qc2 Nd7 15. e4 b5 16. Ne3 Rc8 17. f4 Nb6 18. f5 Bc4 19. Rfd1 Qg5 20. Bc1 Qh5 21. Nxc4 Nxc4 22. Rd3 f6 23. Rb1 a5 24. h3 Bd6 25. Rdb3 a4 26. Rc3 Bb8 27. Kh2 Red8 28. Bf1 Rxd4 29. Bxc4+ bxc4 30. Rxc4 Rd1 31. Rxc6 Rh1+ 32. Kxh1 Qxh3+ 33. Qh2 Qf1+ 1/2-1/2

[Event "IECC Swiss email"]
[Site "IECC email"]
[Date "1999.05.17"]
[Round "?"]
[White "Polaszek, Arkadiusz"]
[Black "Schiller, Wilfried"]
[Result "0-1"]
[WhiteElo "1858"]
[BlackElo "2333"]
[PlyCount "48"]
[EventDate "1999.??.??"]
[EventType "tourn (corr)"]
[EventRounds "6"]
[SourceTitle "Corr 2008"]
[Source "ChessBase"]
[SourceDate "2008.06.24"]
[SourceVersion "1"]
[SourceVersionDate "2008.06.24"]
[SourceQuality "1"]

1. e4 c5 2. Nf3 d6 3. d4 cxd4 4. Nxd4 e6 5. Nc3 a6 6. Be3 b5 7. a3 Nf6 8. Bd3 Bb7 9. 0-0 Nbd7 10. f3 Qc7 11. Re1 Ne5 12. Qd2 Be7 13. a4 b4 14. Na2 d5 15. Nxb4 dxe4 16. Be2 exf3 17. gxf3 Rd8 18. Nd3 Nc4 19. Qc1 Bd6 20. h3 Bc5 21. Nxc5 Qg3+ 22. Kf1 Qxh3+ 23. Kg1 Qg3+ 24. Kf1 Rxd4 0-1

[Event "IECC Swiss email"]
[Site "IECC email"]
[Date "1999.03.28"]
[Round "?"]
[White "Gustafsson, Lars"]
[Black "Polaszek, Arkadiusz"]
[Result "0-1"]
[WhiteElo "1789"]
[BlackElo "1842"]
[PlyCount "62"]
[EventDate "1999.??.??"]
[EventType "tourn (corr)"]
[EventRounds "6"]
[SourceTitle "Corr 2008"]
[Source "ChessBase"]
[SourceDate "2008.06.24"]
[SourceVersion "1"]
[SourceVersionDate "2008.06.24"]
[SourceQuality "1"]

1. d4 d5 2. c4 e6 3. Nc3 Nf6 4. Bg5 Nbd7 5. Nf3 Be7 6. e3 0-0 7. Rc1 c6 8. Bd3 h6 9. Bh4 b6 10. cxd5 exd5 11. 0-0 Bb7 12. Qc2 Re8 13. Rfe1 c5 14. b3 a6 15. Bf5 Rc8 16. Ne5 cxd4 17. exd4 Ne4 18. Bxe7 Rxe7 19. Qd3 Nxe5 20. dxe5 Rxc3 21. Rxc3 Nxc3 22. Qxc3 d4 23. Qd2 a5 24. h3 g6 25. Bd3 Kh7 26. f4 Qc8 27. Rc1 Rc7 28. Rxc7 Qxc7 29. Bc4 Qc5 30. Bxf7 d3+ 31. Kf1 Bxg2+ 0-1

[Event "IECC P email"]
[Site "IECC email"]
[Date "1999.03.04"]
[Round "?"]
[White "Nowicki, Andrzej"]
[Black "Polaszek, Arkadiusz"]
[Result "1-0"]
[WhiteElo "1929"]
[BlackElo "1835"]
[PlyCount "43"]
[EventDate "1999.??.??"]
[EventType "tourn (corr)"]
[EventRounds "6"]
[SourceTitle "Corr 2008"]
[Source "ChessBase"]
[SourceDate "2008.06.24"]
[SourceVersion "1"]
[SourceVersionDate "2008.06.24"]
[SourceQuality "1"]

1. e4 e5 2. Nf3 Nc6 3. Bb5 a6 4. Ba4 f5 5. d4 exd4 6. e5 Bc5 7. c3 dxc3 8. Nxc3 Nge7 9. Bxc6 Nxc6 10. Bg5 Be7 11. Bxe7 Nxe7 12. 0-0 0-0 13. Qb3+ Kh8 14. Rfd1 Qe8 15. Nd5 Ra7 16. Nxc7 Qd8 17. Qb6 Nc6 18. Nd4 Qe7 19. Nxc6 dxc6 20. e6 f4 21. Rd3 f3 22. Re1 1-0

[Event "IECC P email"]
[Site "IECC email"]
[Date "1998.11.01"]
[Round "?"]
[White "Polaszek, Arkadiusz"]
[Black "Agrain, Francois"]
[Result "1/2-1/2"]
[WhiteElo "1827"]
[BlackElo "2031"]
[PlyCount "66"]
[EventDate "1998.??.??"]
[EventType "tourn (corr)"]
[EventRounds "6"]
[SourceTitle "Corr 2008"]
[Source "ChessBase"]
[SourceDate "2008.06.24"]
[SourceVersion "1"]
[SourceVersionDate "2008.06.24"]
[SourceQuality "1"]

1. e4 c6 2. d4 d5 3. exd5 cxd5 4. Bd3 Nc6 5. c3 g6 6. Bf4 Nh6 7. Nf3 Bf5 8. 0-0 Bg7 9. Bxh6 Bxh6 10. Bxf5 gxf5 11. Re1 Qb6 12. Qc2 0-0 13. Nbd2 e6 14. Rab1 a5 15. Qd3 Rad8 16. Nf1 Kh8 17. Ng3 Rg8 18. Nh5 Qc7 19. Nh4 Rg4 20. g3 Rg5 21. Qe2 Bf8 22. Kh1 Be7 23. Nf4 Rg4 24. Nf3 Bd6 25. Nd3 Rdg8 26. Nfe5 Re4 27. Qh5 Bxe5 28. dxe5 Nxe5 29. Rxe4 dxe4 30. Nxe5 Qxe5 31. Qxf7 e3 32. Rf1 e2 33. Re1 Qd5+ 1/2-1/2

[Event "IECC P email"]
[Site "IECC email"]
[Date "1998.08.08"]
[Round "?"]
[White "Polaszek, Arkadiusz"]
[Black "Perkams, Detlef"]
[Result "1-0"]
[WhiteElo "1851"]
[BlackElo "1824"]
[PlyCount "29"]
[EventDate "1998.??.??"]
[EventType "tourn (corr)"]
[EventRounds "6"]
[SourceTitle "Corr 2008"]
[Source "ChessBase"]
[SourceDate "2008.06.24"]
[SourceVersion "1"]
[SourceVersionDate "2008.06.24"]
[SourceQuality "1"]

1. e4 c6 2. d4 d5 3. Nc3 dxe4 4. Nxe4 Nd7 5. Bc4 Ngf6 6. Ng5 e6 7. Qe2 Nb6 8. Bb3 h6 9. N5f3 c5 10. Bf4 Bd6 11. Bxd6 Qxd6 12. c3 0-0 13. Qe5 Qxe5+ 14. dxe5 Bd7 15. exf6 1-0

[Event "IECC CL3-1998.18"]
[Site "IECC email"]
[Date "1998.07.08"]
[Round "?"]
[White "Roldan Ortiz, Antonio Jose"]
[Black "Polaszek, Arkadiusz"]
[Result "1/2-1/2"]
[WhiteElo "2047"]
[BlackElo "1843"]
[PlyCount "39"]
[EventDate "1998.??.??"]
[EventType "tourn (corr)"]
[EventRounds "4"]
[SourceTitle "Corr 2008"]
[Source "ChessBase"]
[SourceDate "2008.06.24"]
[SourceVersion "1"]
[SourceVersionDate "2008.06.24"]
[SourceQuality "1"]

1. e4 e5 2. f4 d5 3. exd5 e4 4. d3 Nf6 5. dxe4 Nxe4 6. Bb5+ c6 7. Qe2 Bf5 8. dxc6 Nxc6 9. Nd2 Qe7 10. c3 0-0-0 11. Ngf3 Re8 12. Nxe4 Qxe4 13. Qxe4 Rxe4+ 14. Kf1 Bd6 15. Bd2 a6 16. Bxc6 bxc6 17. Nd4 Bd7 18. Re1 Rhe8 19. Rxe4 Rxe4 20. Kf2 1/2-1/2

[Event "IECC Trio 572 email"]
[Site "IECC email"]
[Date "1998.06.28"]
[Round "?"]
[White "Bate, Gene"]
[Black "Polaszek, Arkadiusz"]
[Result "0-1"]
[WhiteElo "1785"]
[BlackElo "1879"]
[PlyCount "52"]
[EventDate "1998.??.??"]
[EventType "tourn (corr)"]
[EventRounds "4"]
[SourceTitle "Corr 2008"]
[Source "ChessBase"]
[SourceDate "2008.06.24"]
[SourceVersion "1"]
[SourceVersionDate "2008.06.24"]
[SourceQuality "1"]

1. e4 e5 2. Nf3 Nc6 3. Bb5 a6 4. Ba4 Nf6 5. 0-0 Bc5 6. c3 Ba7 7. Bxc6 dxc6 8. Nxe5 Nxe4 9. d4 0-0 10. Nd2 Nd6 11. Ndf3 f6 12. Nd3 Bg4 13. h3 Bh5 14. Bf4 Kh8 15. Bg3 Ne4 16. Bh2 Ng5 17. Nde1 c5 18. dxc5 Bxc5 19. Qxd8 Raxd8 20. Nxg5 fxg5 21. g4 Bg6 22. b3 Rd2 23. Bg3 h5 24. gxh5 Bxh5 25. Ng2 Be2 26. Rfe1 Rf3 0-1

[Event "IECC Trio 572 email"]
[Site "IECC email"]
[Date "1998.06.27"]
[Round "?"]
[White "Semler Collery, Yann"]
[Black "Polaszek, Arkadiusz"]
[Result "1/2-1/2"]
[WhiteElo "1916"]
[BlackElo "1895"]
[PlyCount "84"]
[EventDate "1998.??.??"]
[EventType "tourn (corr)"]
[EventRounds "4"]
[SourceTitle "Corr 2008"]
[Source "ChessBase"]
[SourceDate "2008.06.24"]
[SourceVersion "1"]
[SourceVersionDate "2008.06.24"]
[SourceQuality "1"]

1. e4 e5 2. Nf3 Nc6 3. Bc4 Nf6 4. Nc3 Nxe4 5. Bxf7+ Kxf7 6. Nxe4 d5 7. Nc3 Be7 8. d3 Rf8 9. 0-0 Kg8 10. h3 Be6 11. d4 e4 12. Nh2 Bd6 13. Nb5 Bxh2+ 14. Kxh2 a6 15. Nc3 Qd6+ 16. Kh1 Rf5 17. Ne2 Raf8 18. Be3 Ne7 19. a4 R5f7 20. Ra3 Ng6 21. Qd2 Qd7 22. Bg5 Rxf2 23. Rxf2 Rxf2 24. Kg1 Rf8 25. Qe1 Qf7 26. Rg3 c6 27. Be3 Ne7 28. Bf4 Bc8 29. Bd6 Qe6 30. Bxe7 Qxe7 31. c4 dxc4 32. Qa5 b5 33. axb5 cxb5 34. Qb6 Qb4 35. Qc7 g6 36. Nf4 Rxf4 37. Qxf4 Bf5 38. Ra3 a5 39. Qb8+ Kg7 40. Qc7+ Kh6 41. Rxa5 Qd2 42. Qd8 Qc1+ 1/2-1/2